00757nam a22001817a 450000500170000001000150001702000230003203500140005503700130006908200140008224501380009626000780023427000660031230000250037894200280040399900190043195201250045020170523151737.0 aENG-118327 a8185835659c900.00 aEN-101859 bDBAD/PUB a327.54058 aPerspectives on bilateral and regional cooperation: south and central asia / cEdited by Rashpal Malhotra, Sucha Singh And Neetu Gaur aChandigarhbCentre For Research In Rural And Industrial Developmentc2013 aSector-19A, Madhya Marg, Chandigarh-160019(India), Gram:CRRID axvi, 483pc24cm.(Hb) 2ddccENh327.54058mPER c140291d140291 001040708NFICaNRbNRd2017-05-23eDBAD/PUB.g900.00l0o327.54058 PERpEN-101859r2017-05-23 00:00:00t1v900.00yEN